[Event "FICGS class A 000061 email"]
[Site "FICGS email"]
[Date "2009.12.01"]
[Round "1"]
[White "Kovalsky, Petr"]
[Black "Domingo Gadea, Jordi"]
[Result "0-1"]
[WhiteElo "2006"]
[BlackElo "2130"]
[PlyCount "22"]
[EventDate "2009.??.??"]
[EventType "tourn (corr)"]
[EventRounds "6"]
[SourceTitle "Corr 2022"]
[Source "ChessBase"]
[SourceDate "2021.10.24"]
[SourceVersion "1"]
[SourceVersionDate "2021.10.24"]
[SourceQuality "1"]

1. e4 e5 2. Nf3 f5 3. exf5 e4 4. Ne5 Nf6 5. Be2 d6 6. Bh5+ Ke7 7. Nf7 Qe8 8. Nc3 Nxh5 9. Nd5+ Kxf7 10. Qxh5+ g6 11. fxg6+ Kg7 0-1

[Event "FICGS rapid A 000072 email"]
[Site "FICGS email"]
[Date "2009.11.16"]
[Round "1"]
[White "Kovalsky, Petr"]
[Black "Riha, Josef"]
[Result "0-1"]
[WhiteElo "2006"]
[BlackElo "1968"]
[PlyCount "42"]
[EventDate "2009.??.??"]
[EventType "tourn (rapid)"]
[EventRounds "6"]
[SourceTitle "Corr 2022"]
[Source "ChessBase"]
[SourceDate "2021.10.24"]
[SourceVersion "1"]
[SourceVersionDate "2021.10.24"]
[SourceQuality "1"]

1. e4 e6 2. d4 d5 3. Nd2 Nf6 4. e5 Nfd7 5. c3 c5 6. Bd3 Nc6 7. Ne2 cxd4 8. cxd4 f6 9. Nf4 Nxd4 10. Qh5+ Ke7 11. exf6+ Nxf6 12. Ng6+ hxg6 13. Qxh8 Kf7 14. 0-0 e5 15. Nb3 Nxb3 16. axb3 Bf5 17. Bxf5 gxf5 18. Bg5 Bc5 19. Qh3 g6 20. b4 Bb6 21. Qb3 Qd6 0-1

[Event "FICGS rapid A 000072 email"]
[Site "FICGS email"]
[Date "2009.11.16"]
[Round "1"]
[White "Muller, Henri Louis"]
[Black "Kovalsky, Petr"]
[Result "1-0"]
[WhiteElo "2001"]
[BlackElo "2006"]
[PlyCount "63"]
[EventDate "2009.??.??"]
[EventType "tourn (rapid)"]
[EventRounds "6"]
[SourceTitle "Corr 2022"]
[Source "ChessBase"]
[SourceDate "2021.10.24"]
[SourceVersion "1"]
[SourceVersionDate "2021.10.24"]
[SourceQuality "1"]

1. e4 e5 2. Nf3 Nf6 3. Nxe5 d6 4. Nf3 Nxe4 5. d4 d5 6. Bd3 Nc6 7. 0-0 Be7 8. c4 Nb4 9. Be2 0-0 10. Nc3 Be6 11. Be3 Bf5 12. Rc1 dxc4 13. Bxc4 c6 14. Ne5 Nxc3 15. bxc3 Nd5 16. Qf3 Be6 17. Bd2 Re8 18. Rfe1 Bg5 19. Bxg5 Qxg5 20. Nd3 a5 21. a4 Rac8 22. Re5 Qd2 23. Bb3 g6 24. Rc2 Qh6 25. h3 Bf5 26. Rxe8+ Rxe8 27. Bxd5 cxd5 28. Re2 Rxe2 29. Qxe2 Bxd3 30. Qxd3 Qc1+ 31. Kh2 Qf4+ 32. Kg1 1-0

[Event "FICGS class A 000060 email"]
[Site "FICGS email"]
[Date "2009.11.14"]
[Round "1"]
[White "Kovalsky, Petr"]
[Black "Domingo Gadea, Jordi"]
[Result "0-1"]
[WhiteElo "2006"]
[BlackElo "2130"]
[PlyCount "26"]
[EventDate "2009.??.??"]
[EventType "tourn (corr)"]
[EventRounds "6"]
[SourceTitle "Corr 2022"]
[Source "ChessBase"]
[SourceDate "2021.10.24"]
[SourceVersion "1"]
[SourceVersionDate "2021.10.24"]
[SourceQuality "1"]

1. e4 e5 2. Nf3 f5 3. exf5 e4 4. Ne5 Nf6 5. Be2 Be7 6. Bh5+ Kf8 7. 0-0 d6 8. Nc4 Nc6 9. Ne3 d5 10. d4 g6 11. Be2 Kg7 12. c4 dxc4 13. d5 Ne5 0-1

[Event "FICGS class A 000060 email"]
[Site "FICGS email"]
[Date "2009.11.14"]
[Round "1"]
[White "Kovalsky, Petr"]
[Black "Soszynski, Marek J"]
[Result "1/2-1/2"]
[WhiteElo "2006"]
[BlackElo "2092"]
[PlyCount "56"]
[EventDate "2009.??.??"]
[EventType "tourn (corr)"]
[EventRounds "6"]
[SourceTitle "Corr 2022"]
[Source "ChessBase"]
[SourceDate "2021.10.24"]
[SourceVersion "1"]
[SourceVersionDate "2021.10.24"]
[SourceQuality "1"]

1. e4 e5 2. Nf3 Nc6 3. Bb5 Nf6 4. 0-0 Nxe4 5. d4 Nd6 6. Bxc6 dxc6 7. dxe5 Nf5 8. Qxd8+ Kxd8 9. Rd1+ Ke8 10. Nc3 Ne7 11. Nd4 Ng6 12. Ne4 Be7 13. f4 Nh4 14. Be3 Nf5 15. Kf2 f6 16. Nf3 Nxe3 17. Kxe3 Kf7 18. Rd3 Re8 19. Rad1 a5 20. h3 a4 21. g4 Kg8 22. c4 Be6 23. b3 f5 24. gxf5 Bxf5 25. h4 c5 26. h5 axb3 27. axb3 Kf8 28. Nfd2 Red8 1/2-1/2

[Event "FICGS rapid A 000071 email"]
[Site "FICGS email"]
[Date "2009.11.04"]
[Round "1"]
[White "Kovalsky, Petr"]
[Black "Dikant, Christophe"]
[Result "0-1"]
[WhiteElo "2006"]
[BlackElo "2000"]
[PlyCount "82"]
[EventDate "2009.??.??"]
[EventType "tourn (rapid)"]
[EventRounds "6"]
[SourceTitle "Corr 2022"]
[Source "ChessBase"]
[SourceDate "2021.10.24"]
[SourceVersion "1"]
[SourceVersionDate "2021.10.24"]
[SourceQuality "1"]

1. e4 d6 2. d4 Nf6 3. Nc3 e5 4. dxe5 dxe5 5. Qxd8+ Kxd8 6. a3 Bd6 7. Bc4 Ke7 8. Nf3 c6 9. Be3 Nbd7 10. 0-0-0 Bc7 11. Rhg1 Ng4 12. Bg5+ f6 13. Bh4 Nb6 14. Ba2 Be6 15. Bxe6 Kxe6 16. Ne1 g5 17. Bg3 Nd7 18. Nd3 a5 19. h3 Nh6 20. f3 b5 21. Bf2 Bd6 22. a4 b4 23. Nb1 Nf7 24. Nd2 c5 25. b3 Rhc8 26. Nc4 Ra6 27. Ndb2 Be7 28. h4 h6 29. hxg5 hxg5 30. Ne3 Nd6 31. Rh1 Nb6 32. Rh7 Bf8 33. Kb1 c4 34. bxc4 Nbxc4 35. Nbxc4 Nxc4 36. Nxc4 Rxc4 37. Rd8 Be7 38. Re8 Rc7 39. Bc5 Raa7 40. Bxa7 Rxa7 41. Kb2 Rc7 0-1

[Event "FICGS W-ch st1 g12 email"]
[Site "FICGS email"]
[Date "2009.11.02"]
[Round "1"]
[White "Kovalsky, Petr"]
[Black "Mascetra, Nicola"]
[Result "0-1"]
[WhiteElo "2006"]
[BlackElo "1914"]
[PlyCount "32"]
[EventDate "2009.??.??"]
[EventType "tourn (corr)"]
[EventRounds "8"]
[SourceTitle "Corr 2022"]
[Source "ChessBase"]
[SourceDate "2021.10.24"]
[SourceVersion "1"]
[SourceVersionDate "2021.10.24"]
[SourceQuality "1"]

1. e4 c5 2. Nf3 d6 3. d4 cxd4 4. Nxd4 Nf6 5. Nc3 g6 6. Be3 Bg7 7. f3 0-0 8. Qd2 Nc6 9. 0-0-0 Nxd4 10. Bxd4 Be6 11. Kb1 Rc8 12. g4 Nd7 13. Bxg7 Kxg7 14. Qd4+ Kg8 15. Qxa7 Rxc3 16. bxc3 Qc7 0-1

[Event "FICGS rapid A 000070 email"]
[Site "FICGS email"]
[Date "2009.10.18"]
[Round "1"]
[White "Kovalsky, Petr"]
[Black "Skwarczylo, Marek"]
[Result "0-1"]
[WhiteElo "2000"]
[BlackElo "2012"]
[PlyCount "90"]
[EventDate "2009.??.??"]
[EventType "tourn (rapid)"]
[EventRounds "6"]
[SourceTitle "Corr 2022"]
[Source "ChessBase"]
[SourceDate "2021.10.24"]
[SourceVersion "1"]
[SourceVersionDate "2021.10.24"]
[SourceQuality "1"]

1. e4 c5 2. Nf3 Nc6 3. d4 cxd4 4. Nxd4 Nf6 5. Nc3 e5 6. Ndb5 d6 7. Bg5 a6 8. Na3 b5 9. Bxf6 gxf6 10. Nd5 f5 11. Bd3 Be6 12. 0-0 Bxd5 13. exd5 Ne7 14. Nxb5 Bg7 15. Nc3 e4 16. Bc4 Qc7 17. Qe2 0-0 18. Na4 Ng6 19. Bb3 Rfe8 20. f4 Qe7 21. g3 Nf8 22. c3 Nd7 23. Kh1 Kh8 24. Rad1 Qd8 25. Qh5 Qf6 26. Rd4 Rec8 27. Rb4 Rab8 28. Rxb8 Rxb8 29. Qe2 Nc5 30. Nxc5 dxc5 31. Rd1 Bf8 32. d6 Bxd6 33. Qxa6 Be7 34. Qa7 Re8 35. Ba4 Rf8 36. Qc7 Kg7 37. Bb3 Re8 38. Kg2 Qa6 39. Kf2 Qh6 40. Kg1 Qa6 41. Rd2 Qc8 42. Rd7 Qxc7 43. Rxc7 Kf6 44. Bd5 Rd8 45. c4 Rb8 0-1

[Event "FICGS rapid A 000070 email"]
[Site "FICGS email"]
[Date "2009.10.18"]
[Round "1"]
[White "Vasquez, Fernando Jose Pinto"]
[Black "Kovalsky, Petr"]
[Result "1-0"]
[WhiteElo "2062"]
[BlackElo "2000"]
[PlyCount "27"]
[EventDate "2009.??.??"]
[EventType "tourn (rapid)"]
[EventRounds "6"]
[SourceTitle "Corr 2022"]
[Source "ChessBase"]
[SourceDate "2021.10.24"]
[SourceVersion "1"]
[SourceVersionDate "2021.10.24"]
[SourceQuality "1"]

1. e4 c5 2. d4 cxd4 3. c3 dxc3 4. Nxc3 Nc6 5. Nf3 e6 6. Bc4 d6 7. 0-0 Nf6 8. Qe2 Be7 9. Rd1 e5 10. h3 0-0 11. Be3 Be6 12. Rac1 Rc8 13. Bxe6 fxe6 14. a3 1-0

[Event "FICGS class C 000086 email"]
[Site "FICGS email"]
[Date "2009.09.20"]
[Round "1"]
[White "Block, Benjamin"]
[Black "Kovalsky, Petr"]
[Result "1-0"]
[WhiteElo "1856"]
[BlackElo "2000"]
[PlyCount "29"]
[EventDate "2009.??.??"]
[EventType "tourn (corr)"]
[EventRounds "1"]
[SourceTitle "Corr 2022"]
[Source "ChessBase"]
[SourceDate "2021.10.24"]
[SourceVersion "1"]
[SourceVersionDate "2021.10.24"]
[SourceQuality "1"]

1. d4 Nf6 2. c4 g6 3. Nc3 Bg7 4. Nf3 0-0 5. e4 d6 6. Be2 e5 7. 0-0 exd4 8. Nxd4 Re8 9. f3 Nc6 10. Be3 Nh5 11. Qd2 Nf4 12. Rfd1 Nxd4 13. Bxd4 Bxd4+ 14. Qxd4 Qg5 15. Bf1 1-0

[Event "FICGS class C 000086 email"]
[Site "FICGS email"]
[Date "2009.09.20"]
[Round "1"]
[White "Kovalsky, Petr"]
[Black "Migliorini, Roberto"]
[Result "1/2-1/2"]
[WhiteElo "2000"]
[BlackElo "1982"]
[PlyCount "62"]
[EventDate "2009.??.??"]
[EventType "tourn (corr)"]
[EventRounds "1"]
[SourceTitle "Corr 2022"]
[Source "ChessBase"]
[SourceDate "2021.10.24"]
[SourceVersion "1"]
[SourceVersionDate "2021.10.24"]
[SourceQuality "1"]

1. e4 e6 2. d4 d5 3. Nc3 Bb4 4. exd5 exd5 5. Bd3 Nc6 6. a3 Bxc3+ 7. bxc3 Nge7 8. Nf3 0-0 9. 0-0 Bf5 10. Rb1 b6 11. Re1 Re8 12. Bf4 Qd7 13. h3 Ng6 14. Rxe8+ Rxe8 15. Bxf5 Qxf5 16. Bxc7 Qd7 17. Bg3 Na5 18. h4 Nc4 19. h5 Ne7 20. Ne5 Nxe5 21. Bxe5 Nc6 22. Bg3 Na5 23. h6 Nc4 24. Ra1 g6 25. Qf3 Qd8 26. Bc7 Qg5 27. Be5 Nxe5 28. Qxd5 Qd2 29. Qb5 Nf3+ 30. gxf3 Re6 31. Kg2 Qxh6 1/2-1/2